Montesquieu, une science politique des religions (notice n° 2222474)
[ vue normale ]
| 000 -LEADER | |
|---|---|
| fixed length control field | 01322cam a2200169 4500500 |
| 005 - DATE AND TIME OF LATEST TRANSACTION | |
| control field | 20260426010519.0 |
| 041 ## - LANGUAGE CODE | |
| Language code of text/sound track or separate title | fre |
| 042 ## - AUTHENTICATION CODE | |
| Authentication code | dc |
| 100 10 - MAIN ENTRY--PERSONAL NAME | |
| Personal name | Duflo, Colas |
| Relator term | author |
| 245 00 - TITLE STATEMENT | |
| Title | Montesquieu, une science politique des religions |
| 260 ## - PUBLICATION, DISTRIBUTION, ETC. | |
| Date of publication, distribution, etc. | 2005.<br/> |
| 500 ## - GENERAL NOTE | |
| General note | 60 |
| 520 ## - SUMMARY, ETC. | |
| Summary, etc. | Aux livres XXIV et XXV de l’ Esprit des Lois, Montesquieu analyse la religion comme élément d’une réalité politique dont il cherche à découvrir la rationalité sous-jacente. Colas Duflo* examine ici les implications épistémologiques et politiques de ces textes en évoquant à la fois leur contexte polémique initial et leurs prolongements dans la philosophie politique contemporaine. |
| 520 ## - SUMMARY, ETC. | |
| Summary, etc. | In his major work, Esprit des lois (books xxiv and xxv), Montesquieu analyses religion as an element of the political reality whose underlying rationality he is looking for. In his essay, Colas Duflo examines the epistemological and political factors implied in these pages by describing their controversial original context and their consequences on the political philosophy of his time. |
| 786 0# - DATA SOURCE ENTRY | |
| Note | Études théologiques et religieuses | 80 | 2 | 2005-06-01 | p. 189-199 | 0014-2239 |
| 856 41 - ELECTRONIC LOCATION AND ACCESS | |
| Uniform Resource Identifier | <a href="https://shs.cairn.info/revue-etudes-theologiques-et-religieuses-2005-2-page-189?lang=fr&redirect-ssocas=7080">https://shs.cairn.info/revue-etudes-theologiques-et-religieuses-2005-2-page-189?lang=fr&redirect-ssocas=7080</a> |
Pas d'exemplaire disponible.




Réseaux sociaux